000 00740 a2200217 4500
005 20251208130225.0
008 251208b |||||||| |||| 00| 0 eng d
037 _cTB
040 _aAL
_cAL
041 _2pun
_apun
084 _aO153,6x R5
_qAL
245 _aਆਖੀਂ ਡਿੱਠੀ ਦੁਨੀਆ
246 _aAkhin Dithi Dunia
260 _apunjab, bharat:
_bPSSB,
_c2025.
300 _a76p.
365 _b 150.00
_cINR
650 _aਪੰਜਾਬੀ ਸਾਹਿਤ
_9855168
650 _aਪੰਜਾਬੀ ਨਿਬੰਧ
_9855169
942 _cTB
_2CC
_n0
_hO153,6x R5
999 _c1465318
_d1465318